000 02268nam a2200481 a 4500
001 000028449
003 DO-SdBNP
005 20250822081902.0
007 ta
008 110408s2010 dr r 000 j spa d
020 _a9993486124
040 _aDO-SdBNP
_bspa
_cBNPHU
_erda
082 4 _aRD863.44
_bC571p
_222
245 0 1 _aLa ciguapa, el pícaro y la dama :
_brelatos y leyendas dominicanos /
_cJavier Angulo Guridi ... [et al.] ; selección de Andrés Blanco Díaz.
246 1 3 _aEl pícaro y la dama
264 1 _aSanto Domingo :
_bAlfaguara,
_c2010.
300 _a148 páginas ;
_c22 cm.
336 _atexto
_btxt
_2rdacontent
337 _asin mediación
_bn
_2rdamedia
338 _avolumen
_bnc
_2rdacarrier
490 1 _aAlfaguara
490 1 _aRoja
505 0 _tLa ciguapa /
_rJavier Angulo Guridi --
_tLa boca del indio /
_rAlejandro Llenas --
_tHumorada trágica /
_rFederico Henríquez y Carvajal --
_tPepa, Pepe y José /
_rAmelia Francasci --
_tLa novia de su ilustrísima /
_rTemístocles A. Ravelo --
_tLos diamantes negros /
_rJosé Ramón López --
_tEl aguador /
_rJosé Ramón López --
_tErnesto de Anqui6ses /
_rFabio Fiallo --
_tCándido Espuela /
_rVigil Díaz --
_tMingo /
_rTomás Hernández Franco --
_tZumbador /
_rJ. M. Sanz Lajara --
590 _aInventariado, 2018/BT
650 4 _aCuentos populares dominicanos
_vColecciones
_9146
650 0 _aLiteratura dominicana.
_967
650 4 _aLeyendas dominicanas
_918869
700 1 2 _aBlanco Díaz, Andrés
_epról.
_9172
700 1 2 _aAngulo Guridi, Javier
_tLa ciguapa
_955399
700 1 2 _aLlenas, Alejandro,
_d1844-1902
_9169
700 1 2 _aHenríquez i Carvajal, Federico,
_d1848-1952
_97792
700 1 2 _aFrancasci, Amelia
_tPepa, Pepe y José
_955402
700 1 2 _aRavelo, Temístocles A.
_tLa novia de su ilustrísima
_955403
700 1 2 _aPenson, César Nicolás
_tLos diamantes negros
_955404
700 1 2 _aLópez, José Ramón
_tEl aguador
_955405
700 1 2 _aFiallo, Fabio
_tErnesto de Anquises
_955406
700 1 2 _aDíaz, Vigil
_tCándido Espuela
_955407
700 1 2 _aHernández Franco, Tomás
_tMingo
_955408
700 1 2 _aSanz Lajara, J. M.
_tZumbador
_955409
700 1 2 _aAngulo Guridi, Javier,
_d1816-
_955410
910 _aValidado. Control de calidad. MFF
942 _2ddc
_cLBS1
999 _c27941
_d27941